000 00671nam a2200229Ia 4500
003 OSt
005 20220926043000.0
006 a|||||r|||| 00| 0
007 ta
008 220923b |||||||| |||| 00| 0 eng d
037 _cGeneral Book
040 _aRTL
_cRTL
_beng
041 _2eng
_aeng
082 _aX7245.1(X).N6, K5
110 _aOrganisation For Economic Cooperation And Development
245 0 _aFiscal incentives for private investment in develo
260 _c1965
650 _aBusiness Tax
700 _aOrganisation For Economic Cooperation And Development
942 _hX7245.1(X).N6, K5
_cGB
_2CC
999 _c671115
_d671115